Software v počítačové revoluci.
Vývoj zavádzania výpočtovej techniky v ČSFR. Podmienky pre software novej kvality. Zobrazenie a začlenenie typizačných nástrojov v trojrozmernom modeli. Software vo svete a jeho možnosti v trhovom hospodárstve. Software pri automatizácii ekonomiky. Ekonomicko-organizačný model informácií.
Gespeichert in:
| 1. Verfasser: | |
|---|---|
| Format: | Buchkapitel |
| Sprache: | Tschechisch |
| Schlagworte: | |
| Tags: |
Keine Tags, Fügen Sie das erste Tag hinzu!
|
MARC
| LEADER | 00000naa a2200000 4500 | ||
|---|---|---|---|
| 001 | r011868 | ||
| 005 | 20220831084429.9 | ||
| 041 | 0 | |a cze | |
| 044 | |a [CS] | ||
| 245 | 1 | 0 | |a Software v počítačové revoluci. |c A. Chlachula |
| 520 | |a Vývoj zavádzania výpočtovej techniky v ČSFR. Podmienky pre software novej kvality. Zobrazenie a začlenenie typizačných nástrojov v trojrozmernom modeli. Software vo svete a jeho možnosti v trhovom hospodárstve. Software pri automatizácii ekonomiky. Ekonomicko-organizačný model informácií. | ||
| 610 | 2 | 0 | |a technika výpočtová |
| 610 | 2 | 0 | |a využitie počítačov |
| 610 | 2 | 0 | |a softvér |
| 610 | 2 | 0 | |a programovanie |
| 610 | 2 | 0 | |a programy počítačové |
| 610 | 2 | 0 | |a vývoj |
| 610 | 2 | 0 | |a ČSFR |
| 610 | 2 | 0 | |a kvalita |
| 610 | 2 | 0 | |a modely |
| 610 | 2 | 0 | |a automatizácia |
| 610 | 2 | 0 | |a informácie |
| 100 | 1 | |a Chlachula, A. | |